000 00915 a2200193 4500
999 _c7650
_d7650
010 _aENG-88117
020 _a818424150X
_c850.00
035 _aEN-71650
037 _bDBAD / PUB
082 1 4 _a671.255
245 1 0 _aProceedings of the National Conference on Investment Casting (NCIC-2006), 28-29 December, 2006 :
_bcurrent research trends in investment casting /
_cedited by Biswanath Mondal, Jhankar Basu [and] Gopal Prasad Sinha
260 _aNew Delhi
_bAllied Publishers
_c2007
300 _axv, 316 p.
_bill
_c25 cm(Hb)
500 _a"Organized by Central Mechanical Engineering Research Institute, Durgapur. Indian Ceramic Society, Hyderabad Chapter. Investment Casting Society, India. University College of Engineering, Osmania University".
700 1 _aMondal, Biswanath
700 1 _aBasu, Jhankar
700 1 _aSinha, Gopal Prasad
_d1946-
942 _adpl
_cEN
_2ddc
_h671.255
_mPRO